Thế giới : Những sự kiện trong lịch sử thế kỷ XX
保存先:
| 第一著者: | |
|---|---|
| フォーマット: | 図書 |
| 言語: | Undetermined |
| 出版事項: |
Hà Nội
Giáo Dục
2002
|
| 主題: | |
| タグ: |
タグ追加
タグなし, このレコードへの初めてのタグを付けませんか!
|
| Thư viện lưu trữ: | Trung tâm Học liệu Trường Đại học Cần Thơ |
|---|
| LEADER | 00613nam a2200217Ia 4500 | ||
|---|---|---|---|
| 001 | CTU_64338 | ||
| 008 | 210402s9999 xx 000 0 und d | ||
| 020 | |b 38500 | ||
| 082 | |a 909.82 | ||
| 082 | |b D513/T.1 | ||
| 100 | |a Lê, Trung Dũng | ||
| 245 | 0 | |a Thế giới : | |
| 245 | 0 | |b Những sự kiện trong lịch sử thế kỷ XX | |
| 245 | 0 | |c Lê Trung Dũng | |
| 260 | |a Hà Nội | ||
| 260 | |b Giáo Dục | ||
| 260 | |c 2002 | ||
| 650 | |a World history | ||
| 650 | |y 20th century | ||
| 904 | |i Minh (Nguyênsửa) | ||
| 980 | |a Trung tâm Học liệu Trường Đại học Cần Thơ | ||